000 02528nam a2200445 a 4500
003 CHAP
005 20240813144713.0
007 cr ||||||||a|a
008 101020s2010 mx r 00010 spa d
035 _a111134
040 _cCHAP
090 _aTesis
100 1 _aRaymundo Sabino, Lourdes
_994841
245 1 0 _aReproducción de violencia en menores, que han sufrido violencia familiar (caso Chapingo)
_c/por Lourdes Raymundo Sabino; director de tesis Eunice Ferra López
264 1 _aChapingo, Méx. :
_bEl autor,
_c2010.
300 _a1 recurso en línea (112 páginas).
336 _2rdacontent
_atexto
_btxt
337 _2rdamedia
_acomputadora
_bc
338 _2rdacarrier
_arecurso en línea
_bcr
502 _bIAESR
_cSociología
_d2010.
_gLIC
520 _aLa violencia, como una de las formas de relacionarse del hombre con su entorno, debe necesariamente encontrar su origen como práctica humana, en antecedentes relativos a la construcción de su experiencia dentro de medios de vida violentos, el más básico o inmediato quizá para una regularidad de casos, el familiar. Bajo tal contexto, el presente trabajo pretenderá trabajar críticamente con el enfoque teórico del poder (el de mayor presencia conceptual entorno al desarrollo del tema), el problema de la relación existente entre la exposición de los sujetos a este ambiente violento desarrollado dentro del núcleo familiar, a la luz de analizar las posibilidades de la reproducción de una praxis violenta como resultado de la construcción de una cosmovisión particular dentro de las experiencias familiares de los sujetos en cuestión, los estudiantes de la Preparatoria Agrícola de la Universidad Autónoma Chapingo.
590 _aALEPH
_b10
_c20130110
590 _aBATCH-UPD
_b10
_c20130110
590 _aBATCH-UPD
_b10
_c20130410
590 _aBATCH-UPD
_b10
_c20130914
590 _aBATCH-UPD
_b10
_c20140324
590 _aBATCH-UPD
_b10
_c20141002
590 _aCONVERSION
_b10
_c20130109
650 0 4 _aFamilia
_xViolencia.
_939412
650 0 4 _aNiños
_xViolencia.
_981371
650 0 4 _aViolencia
_xEstadísticas.
_9119892
700 1 _aFerra López, Eunice
_9189409
_eDirectora de tesis
856 _uhttp://10.13.5.2/tesis/111134.pdf
_zDESCARGAR PDF
901 _aBK
942 _cTD
_2Clasificación Universidad Autónoma Chapingo
949 _bBC
_cTES
_d33724002211347
_eTS1
_gDonaciØn
_h51171
_i111134
_sb
949 _bBC
_cTES
_d33724002211389
_eTS2
_fc.2
_gDonaciØn
_h51172
_i111134
_sb
999 _c99476
_d99476